| 000 | 00681nam a22002177a 4500 | ||
|---|---|---|---|
| 999 |
_c10034 _d10034 |
||
| 003 | AR-CdUCM | ||
| 008 | 190328b ||||| |||| 00| 0 spa d | ||
| 020 | _a978-607-32-3638-6 | ||
| 040 |
_aMUNICIPALIDAD PROVINCIAL DEL CUSCO _cBIBLIOTECA MUNICIPAL DEL CUSCO |
||
| 082 |
_aPI-0117 / _bNEI / rom |
||
| 100 |
_aNeira Malo, Juana _926644 |
||
| 245 | _aRomeo / | ||
| 260 |
_aMéxico : _bPearson Educación México, _c2016. |
||
| 300 |
_bilustraciones a color, _c20 cm. |
||
| 500 | _aNo cuenta con numeración impresa. | ||
| 650 |
_aCuento infantil _925028 |
||
| 650 |
_aSiglo XX _98 |
||
| 700 |
_aAguilera, Patricia (Ilustrador) _926645 |
||
| 942 |
_2ddc _cLIBROS |
||
| 945 | _araen | ||